Geography Quiz

Random Geography or World Quiz

Canadian Provinces: What Does It Border? Quiz Stats

 Plays Quiz Updated Oct 30, 2018

Score 0/5 Timer 00:45
4 Plays Today
% Correct
British Columbia
83.8%
Alberta
79.1%
New Brunswick
78.2%
Quebec
68.4%
Ontario
64.3%

You're not logged in!

Compare scores with friends on all Sporcle quizzes.
OR
Log In

Sporcle TV

Today on Sporcle TV


Watch our educational content, quiz creation guides, and fun videos on Sporcle TV.

Show Comments

Extras

Top Quizzes Today


Score Distribution

Your Account Isn't Verified!

In order to create a playlist on Sporcle, you need to verify the email address you used during registration. Go to your Sporcle Settings to finish the process.

Report this User

Report this user for behavior that violates our Community Guidelines.

Details: